00291pab a2200121 454500008004000000100001800040245004900058260000900107300001300116362001100129650001400140773001500154180718b2005 xxu||||| |||| 00| 0 eng d aPanwar, Manju aSelf-help groups in Haryana: some experience c2005 ap.24-26. a24 Sep aSelf help aMainstream